000 01254 a2200349 4500
001 66387
999 _c66387
_d17764
003 TR-AnTOB
005 20200427105244.0
008 030417s2003 enka b 001 0 eng
010 _a2003051295
020 _a0131216333
020 _a9780131216334
040 _aDLC
_cDLC
_dDLC
041 _aeng
042 _apcc
050 _aTJ163.12
_b.B65 2003
090 _aTJ163.12 .B65 2003
100 _aBolton, W.,
_q(William),
_d1933-
_924972
245 0 _aMechatronics :
_belectronic control systems in mechanical and electrical engineering /
_cW. Bolton.
250 _a3rd ed.
264 1 _aHarlow, England ;
_aNew York :
_bPearson/Prentice Hall,
_c2003.
300 _axvi, 574 p. :
_bill. ;
_c25 cm.
504 _aIncludes bibliographical references and index.
650 _aMechatronics
_9717
901 _a0022572, 0022573.
902 _a
906 _a7
_bcbc
_corignew
_d1
_eocip
_f20
_gy-gencatlg
925 0 _aacquire
_b2 shelf copies
_xpolicy default
955 _djf02 2003-04-21 to sl
_ejf12 2003-04-21 to Dewey
_ejf12 2004-02-27 to BCCD
_fjf03 2004-02-26 to SL
942 _cBK